00642nam a2200181Ia 4500952012300000999001700123003000400140005001700144008004100161040000900202082001800211100004000229245005500269260003800324300000900362650004700371942004200418 00102ddc40708ISLAMaMESbMEScISLd2019-02-20l0o297.14 HAS/Dp22607r2019-02-20 00:00:00w2019-02-20yBKzGL46R1 c22425d22425OSt20200515090740.0190216s9999||||xx |||||||||||||| ||und|| coclc a297.14bHAS/D aHaskafi, Muhammad Ala-Ud-Din 92286 0aThe Durr-Ul-Mukhtar /cMuhammad Ala-Ud-Din Haskafi bKitab Bhavan, c1992.aNew Delhi: a465p 0aHistory & geographyvIslamic History92271 cBK2ddch297.14iHAS/Dk297.14mHAS/D